The accuracy of predictions of violence to others
| VerfasserInnen: | ; ; |
|---|---|
| Medienart: | Druck Aufsatz |
| Sprache: | Englisch |
| Veröffentlicht: |
1993
|
| In: |
The journal of the American Medical Association. [Englische Ausgabe]
Jahr: 1993, Band: 269, Heft: 8, Seiten: 1007-1011 |
| Bestand in Tübingen: | In Tübingen vorhanden. IFK: 8171 |
| Verfügbarkeit prüfen: | HBZ Gateway |
| Schlagwörter: |
MARC
| LEADER | 00000caa a22000002c 4500 | ||
|---|---|---|---|
| 001 | 1639429875 | ||
| 003 | DE-627 | ||
| 005 | 20230426072701.0 | ||
| 007 | tu | ||
| 008 | 160223s1993 xx ||||| 00| ||eng c | ||
| 035 | |a (DE-627)1639429875 | ||
| 035 | |a (DE-576)45586313X | ||
| 035 | |a (DE-599)BSZ45586313X | ||
| 040 | |a DE-627 |b ger |c DE-627 |e rakwb | ||
| 041 | |a eng | ||
| 100 | 1 | |a Lidz, Charles W. |4 aut | |
| 245 | 1 | 4 | |a The accuracy of predictions of violence to others |c Charles W. Lidz, Edward P. Mulvey, William Gardner |
| 264 | 1 | |c 1993 | |
| 336 | |a Text |b txt |2 rdacontent | ||
| 337 | |a ohne Hilfsmittel zu benutzen |b n |2 rdamedia | ||
| 338 | |a Band |b nc |2 rdacarrier | ||
| 700 | 1 | |a Mulvey, Edward P. |0 (DE-588)1129267989 |0 (DE-627)883866781 |0 (DE-576)41113356X |4 aut | |
| 700 | 1 | |a Gardner, William |4 aut | |
| 773 | 0 | 8 | |i In |a American Medical Association |t The journal of the American Medical Association. [Englische Ausgabe] |d Chicago, Ill. : American Medical Association, 1883 |g 269(1993), 8, Seite 1007-1011 |w (DE-627)129077798 |w (DE-600)2958-0 |w (DE-576)014410338 |x 0254-9077 |7 nnas |
| 773 | 1 | 8 | |g volume:269 |g year:1993 |g number:8 |g pages:1007-1011 |
| 935 | |a mkri | ||
| 951 | |a AR | ||
| ELC | |b 1 | ||
| LOK | |0 000 xxxxxcx a22 zn 4500 | ||
| LOK | |0 001 3300022231 | ||
| LOK | |0 003 DE-627 | ||
| LOK | |0 004 1639429875 | ||
| LOK | |0 005 20160223095418 | ||
| LOK | |0 008 160208||||||||||||||||ger||||||| | ||
| LOK | |0 040 |a DE-21-110 |c DE-627 |d DE-21-110 | ||
| LOK | |0 689 |a s |a Gefährlichkeitsprognose | ||
| LOK | |0 689 |a s |a Reliabilität | ||
| LOK | |0 689 |a s |a Prognoseverfahren | ||
| LOK | |0 689 |a s |a Kriminalprognose | ||
| LOK | |0 689 |a s |a Gewalttätigkeit | ||
| LOK | |0 852 |a DE-21-110 | ||
| LOK | |0 852 1 |c 8171 |m p |9 00 | ||
| LOK | |0 935 |a k110 | ||
| LOK | |0 938 |k p | ||
| LOK | |0 939 |a 08-02-16 |b l01 | ||
| ORI | |a SA-MARC-krimdoka001.raw | ||
| SIG | |a IFK: 8171 | ||
